000 00924nam a22002057a 4500
999 _c57096
_d57096
005 20191118112433.0
008 191118s2018 enk||||| |||| 00| 0 eng d
020 _a9789941449932
041 _aeng
_hgeo
080 _a327 G-37
245 _aGEOPOLITICS AND SECURITY :
_bA NEW STRATEGY FOR THE SOUTH CAUCASUS /
_cEdited by : Kornely Kakachia ; Stefan Meister ; Benjamin Fricke.
264 _aTbilisi :
_bGeorgian institute of politics,
_c2018.
300 _a304 p.:
_c22 cm.
653 _aგეოპოლიტიკა და უსაფრთხოება: სამხრეთ კავკასიის ახალი სტრატეგია
653 _aპოლიტიკა
700 _aKakachia, Kornely
_eრედაქტორი
_95379
700 _aMeister, Stefan
_eრედაქტორი
_95380
700 _aFricke, Benjamin
_eრედაქტორი
_95381
942 _2udc
_cBK